[Event "Championnat 82"]
[Site "Castelsarrasin"]
[Date "2012.03.04"]
[Round "6.4"]
[White "RIVIERE, Frédéric"]
[Black "ROQUES, Olivier"]
[Result "1-0"]
[WhiteElo "1808"]
[BlackElo "1898"]

1.e4 c5 2.Nf3 d6 3.d4 cxd4 4.Nxd4 Nf6 5.Nc3 a6 6.Be2 e6 7.O-O Be7 8.f4 O-O
9.Kh1 Qc7 10.Be3 b5 11.a3 Bb7 12.Bf3 Nbd7 13.Qe2 Nb6 
    ( 13...Rfe8 14.Rad1 Bf8 15.Nb3 Rac8 16.Rd2 Qc4 17.Rfd1 Qxe2 18.Rxe2 
    Rxc3 19.bxc3 Nxe4 20.Bxe4 Bxe4 21.Bc5 Bg6 22.Bxd6 Bh5 23.Bxf8 Nxf8 24.
    Red2 Bxd1 25.Rxd1 Rc8 26.Rd3 Ng6 27.g3 Ne7 28.Rd6 h5 29.Rxa6 Rxc3 30.
    Rb6 Rxc2 31.Rxb5 Nf5 32.Rb4 Ne3 33.Kg1 Rg2+ 34.Kh1 Ra2 35.Kg1 Rxa3 36.
    Nd2 Ra1+ 37.Kf2 Ng4+ 38.Kg2 Ra2 39.Rd4 Ne3+ 40.Kf3 Nf5 41.Rd8+ Kh7 42.
    Rd7 Kg6 43.Rd3 Ra1 44.Kg2 Re1 45.Kf2 Rd1 46.Ke2 Ra1 47.Kf2 Nh6 48.h3 
    Nf5 49.Kf3 Rh1 50.Kg2 Re1 51.Kf2 Rh1 52.Kg2 Rd1 53.Kf2 f6 54.Rd7 Nh6 
    55.Rd3 Ng8 56.Rd7 Nh6 57.Rd3 Kf7 58.Rd7+ Ke8 59.Rd3 Nf5 60.Kg2 Ke7 61.
    Kf2 Nd6 62.Ke2 Rg1 63.Kf2 Rd1 64.Ke2 Ra1 65.Kf3 Ra4 66.Rc3 Kd7 67.Rd3 
    e5 68.fxe5 {0-1 Humeau, C (2159) - Van Wely, L (2679) / ch-Euro Blitz 
    (6), Ajaccio FRA 2007} )
14.Rad1 Nc4 15.Bc1 Rac8 16.e5 Bxf3 17.Nxf3 Nd7 18.exd6 Bxd6 19.Nd4 Qb8 20.
Ne4 
    ( {[Houdini 1.5a w32] 15:+0.00} 20.Ne4 Nc5 21.Nxd6 Nxd6 22.f5 Nxf5 23.
    Nxf5 exf5 24.Rxf5 Qb7 25.Rdf1 g6 26.R5f3 f5 27.Bf4 Rfd8 28.Be5 Ne4 29.
    Rd3 Rxd3 30.Qxd3 )
20...Nc5 21.Ng5 h6 22.Ne4 Nxe4 23.Qxe4 Bc5 24.Nf3 Nd6 25.Qe2 Nf5 26.b4 Bb6
27.Ne5 {Les blancs proposent nulle...} 27...Nd4 28.Qe4 Qa7 29.Be3 Rfd8 30.
c3 Rxc3 31.Bxd4 Rxd4 32.Rxd4 Bxd4 {Le temps à la pendule pressant, la 
suite est un enchainement de très mauvais coup de chaque coté...} 33.Nc6 
$2 Rxc6 $4 
    ( {[Houdini 1.5a w32] 17:-2.22} 33...Qb7 34.Qxd4 Qxc6 35.Rd1 Rxa3 36.
    Kg1 Rc3 37.h3 Rc2 38.Rd2 Rc4 39.Qd8+ Kh7 40.Rd4 Rc2 41.Rd2 Rc1+ 42.Kh2
    Qe4 43.Qd3 Qxd3 44.Rxd3 Rc4 45.Ra3 Rxf4 46.Rxa6 Rxb4 47.Ra7 Kg6 )
34.Qxc6 Bb2 $2 
    ( {[Houdini 1.5a w32] 17:+5.60} 34...Bb2 35.Qc8+ Kh7 36.Qc2+ Kg8 37.
    Qxb2 Qe3 38.Qc1 Qe4 39.Qc8+ Kh7 40.Qxa6 Qd3 41.Rc1 Qd2 42.Rg1 Qd7 43.
    Qb6 Qd3 44.Qa7 Kg8 45.Re1 g5 46.Qb8+ Kh7 47.Qc7 Kg8 48.fxg5 hxg5 )
    ( {[Houdini 1.5a w32] 18:+1.07} 34...Bf6 35.Rd1 Kh7 36.Qd7 Qe3 37.Qxf7
    Qxa3 38.Qxe6 Qxb4 39.Qxa6 Qa4 40.Qd6 b4 41.Rb1 Bc3 42.Qd3+ Kh8 43.Qe4 
    Qd7 44.f5 Qd2 45.Qe8+ Kh7 46.Qg6+ Kh8 47.Qf7 Qe2 )
35.Rd1 $2 
    ( 35.Qc8+ Kh7 36.Qc2+ $18 )
35...Bxa3 36.Rd8+ Kh7 37.Qe4+ g6 38.Qe5 f6 39.Qxe6 1-0

[Event "Dep 2012"]
[Site "?"]
[Date "2012.03.11"]
[Round "6.1"]
[White "DIFFER, Christophe"]
[Black "LACROIX, Romain"]
[Result "0-1"]
[WhiteElo "1960"]
[BlackElo "2220"]
[EventDate "2011.12.26"]
[PlyCount "54"]
[EventRounds "7"]

1.e4 d6 2.d4 Nf6 3.Nc3 e5 4.Nf3 Nbd7 5.Bc4 Be7 6.Ng5 O-O 7.f4 $6 {si on 
joue Cg5 il faut jouer la variante} 
    ( 7.Bxf7+ {mais il faut la connaitre} 7...Rxf7 8.Ne6 Qe8 9.Nxc7 Qd8 
    10.Nxa8 b5 11.dxe5 Nxe5 12.Bf4 Bd7 {avec 2 pieces pour une tour (qui 
    joue pas encore...) les noirs sont mieux.} )
7...c6 8.a3 $2 {trop lent} 8...exd4 9.Qxd4 d5 $1 $17 10.Be2 
    ( 10.exd5 Bc5 11.Qd3 Nb6 12.dxc6 Qe7+ 13.Ne2 Nxc4 14.Qxc4 Re8 15.Bd2 
    Bg4 16.Nf3 Ne4 17.O-O-O Nxd2 18.Rxd2 Be3 $19 )
10...h6 11.Nxf7 
    ( 11.Nf3 Bc5 12.Qd3 dxe4 13.Nxe4 Nxe4 14.Qxe4 Re8 $17 )
11...Rxf7 12.e5 Bc5 13.Qd3 Ne4 
    ( {j'ai raté} 13...Nxe5 $1 14.fxe5 Ng4 15.Bxg4 Qh4+ 16.g3 Bf2+ 17.Kd1 
    Qxg4+ 18.Ne2 Rf3 19.Qd2 Qh3 20.Nf4 Bg4 $1 {mais c'etait impossible a 
    calculer...} )
14.Nxe4 dxe4 15.Qb3 Nxe5 $1 16.Rf1 
    ( 16.fxe5 Bf2+ 17.Kf1 Bg3+ 18.Kg1 Qd4+ 19.Be3 Bf2+ )
16...Ng6 {ici j'ai longuement hésité avec} 
    ( 16...Nf3+ 17.gxf3 Qh4+ 18.Kd1 Bh3 $1 19.Re1 Rd8+ 20.Bd2 e3 {mais 
    j'etais pas sur de mes calculs, et j'ai preféré jouer la sécurité} )
17.Bc4 Nh8 18.f5 b5 19.Bxf7+ Nxf7 20.f6 Bg4 21.Bxh6 $2 
    ( 21.Be3 Qa5+ 22.Bd2 Qc7 23.Be3 Bxe3 24.Qxe3 Qxh2 25.fxg7 Qxg2 $19 )
21...gxh6 22.h3 e3 23.Qc3 Qd2+ 24.Qxd2 exd2+ 25.Kxd2 Rd8+ 26.Kc3 Bd4+ 27.
Kb4 a5+ 
    ( 27...a5+ 28.Kxa5 Bc5 29.Ka6 Rd7 {et mat} )
0-1

[Event "Nationale III"]
[Site "Toulouse CEIT"]
[Date "2012.03.11"]
[Round "7.6"]
[White "RIVIERE, Frédéric"]
[Black "AMIRI, Yacine"]
[Result "0-1"]
[WhiteElo "1814"]
[BlackElo "1840"]

1.e4 e6 2.Nf3 d5 3.exd5 exd5 4.d4 Bg4 5.Be2 Bxf3 
    ( 5...Bd6 6.O-O Ne7 7.Re1 O-O 8.h3 Bh5 9.Nh4 Bxe2 10.Qxe2 Nbc6 11.c3 
    Qd7 12.Be3 Rae8 13.Nd2 f6 14.Nf1 Nd8 15.Qd3 Nf7 16.Bd2 g5 17.Nf3 Ng6 
    18.c4 dxc4 19.Qxc4 h5 20.Qc2 Kg7 21.d5 Bf4 22.Bb4 Rg8 23.Nd4 Qxd5 24.
    Nf5+ Kh8 25.Rad1 Qc6 26.Nd4 Qd7 27.Ne6 Nd6 28.Qxc7 Qxc7 29.Nxc7 Rxe1 
    30.Rxe1 Nc4 31.Nd5 Be5 32.b3 Nb2 33.Bc3 Nd3 34.Bxe5 Ngxe5 35.Rd1 Kg7 
    36.Nfe3 Kf7 37.Nc4 Rd8 38.Nb4 Ke7 39.Nxd3 Rxd3 40.Re1 Ke6 41.Kf1 Rc3 
    42.h4 g4 43.Nxe5 fxe5 44.Rd1 Rc2 45.Rd8 Rxa2 46.Rh8 Rb2 47.Rxh5 Rxb3 
    48.Rg5 a5 49.Rxg4 Rb1+ 50.Ke2 b5 51.h5 Rh1 52.Rg6+ Kd5 53.h6 a4 54.Ra6
    Ke4 55.Rb6 a3 56.h7 Rxh7 57.Rxb5 Ra7 58.Rb1 a2 59.Ra1 Kd4 60.Kd2 e4 
    61.g4 Ke5 62.g5 Kf5 63.Ke2 Ra3 64.f3 exf3+ 65.Kf2 Kxg5 66.Kg3 Kf5 67.
    Kf2 Kf4 68.Kf1 Kg3 69.Kg1 Rb3 {0-1 Dgebuadze, Alexandre (2510) - 
    Gurevich, Mikhail (2643) / Haarlem AKN op 8th (5), Haarlem 1999} )
6.Bxf3 Nf6 7.O-O Be7 8.c3 O-O 9.Bf4 Bd6 10.Bg5 c6 11.Nd2 Nbd7 12.Re1 Qc7 
13.Nf1 Rfe8 14.Qc2 h6 15.Bh4 Rac8 16.Rad1 Qa5 17.a3 
    ( 17.Ne3 )
17...Qc7 18.Bg3 Nb6 19.Ne3 Bxg3 20.hxg3 Ne4 21.Nf5 
    ( {[Houdini 1.5a w32] 21:+0.26} 21.c4 Nf6 22.b3 Re6 23.a4 dxc4 24.bxc4
    Rce8 25.Re2 Nbd7 26.Rde1 g6 27.c5 Qa5 28.Rb1 Qc7 29.Rc1 h5 30.Rce1 Qa5
    31.Rb1 Qc7 32.Qd3 Ne4 33.Bxe4 Rxe4 )
21...Ng5 22.Bg4 Ne4 23.Bf3 Ng5 24.Bg4 Ne4 25.Bf3 Nd6 26.Nxd6 Qxd6 27.Re2 
Re7 28.Rde1 Rce8 29.Qf5 Rxe2 30.Rxe2 Rxe2 31.Bxe2 Qe6 32.Qc2 Qe4 33.Bd3 
Qe1+ 34.Kh2 Nd7 35.b4 $2 
    ( {[Houdini 1.5a w32] 20:-0.13} 35.g4 Nf6 36.Qe2 Qxe2 37.Bxe2 Ne4 38.
    f3 Nd6 39.Kg3 Kf8 40.Kf4 Ke7 41.g5 h5 42.g3 Ke6 43.Bf1 a5 44.b3 g6 45.
    Bh3+ f5 46.Bf1 )
35...Nf6 36.Bf5 $4 {Grosse erreur, je ne suis plus lucide...} 
    ( {[Houdini 1.5a w32] 23:-1.02} 36.f3 Nh5 37.g4 Ng3 38.c4 g5 39.Qb1 
    Nf1+ 40.Kg1 Qxb1 41.Bxb1 Nd2 42.Bf5 Nxc4 43.a4 Kg7 44.Kf2 Kf6 45.Bd3 
    Ke6 46.Ke2 Nd6 47.Ke3 b6 48.Bc2 Nc4+ 49.Kd3 Kd6 50.Bb3 b5 51.a5 Ke6 
    52.Bxc4 dxc4+ 53.Kc3 f5 54.gxf5+ Kxf5 55.g4+ Kf4 )
36...g6 
    ( {[Houdini 1.5a w32] 23:-3.20} 36...g6 37.f3 gxf5 38.Qxf5 Kg7 39.Qf4 
    Qxc3 40.g4 Qc2 41.Kg1 b6 42.g5 Qb1+ 43.Kf2 hxg5 44.Qxg5+ Qg6 45.Qe5 
    Qh5 46.Qe3 Qh4+ 47.Kf1 Qh6 48.Qe5 Qh5 49.Qg3+ Qg6 50.Qe5 Qb1+ 51.Kf2 
    Qc2+ 52.Kg1 Qd1+ 53.Kf2 Qd2+ 54.Kf1 Kg6 55.g4 Qg5 56.Ke2 Qxe5+ 57.dxe5
    Nd7 58.f4 d4 )
37.Bc8 Ne4 38.Bxb7 Nxf2 39.Bxc6 Qh1# 0-1

[Event "Coupe MP"]
[Site "?"]
[Date "2012.04.01"]
[Round "4"]
[White "Le Gallen, Luc"]
[Black "Ramahef, Eric"]
[Result "1-0"]
[WhiteElo "2012"]
[BlackElo "2030"]
[EventDate "2012.04.01"]
[PlyCount "75"]
[SourceDate "2012.04.01"]

1.d4 Nf6 2.Nf3 d6 3.c4 g6 4.Nc3 Bg7 5.Bg5 O-O 6.e3 c6 7.Be2 Qc7 8.Qc2 e5 
9.O-O Bf5 10.Qb3 Nbd7 11.Rfd1 h6 12.Bh4 Rfe8 13.Rac1 Bf8 14.a3 a5 15.Bg3 
Nh5 16.Nh4 Nxg3 17.hxg3 exd4 18.exd4 Be6 19.d5 Nc5 20.Qc2 Bc8 21.Nxg6 fxg6
22.Qxg6+ Qg7 23.Qxe8 Nb3 24.Rb1 Nc5 25.dxc6 bxc6 26.Rxd6 Bb7 27.Rd8 Rxd8 
28.Qxd8 Ne6 29.Qb8 c5 30.Nd5 Bc6 31.Re1 Nd4 32.Bd3 Bxd5 33.cxd5 Qg4 34.Qe8
Kg7 35.Qe5+ Kg8 36.d6 Qd7 37.Bc4+ Kh7 38.Qe7+ 1-0

[Event "Coupe MP"]
[Site "?"]
[Date "2012.04.01"]
[Round "4"]
[White "Lacroix, Romain"]
[Black "Dezan, Pierre"]
[Result "1-0"]
[WhiteElo "2220"]
[BlackElo "2152"]
[EventDate "2012.04.01"]
[PlyCount "81"]
[SourceDate "2012.04.01"]

1.e4 c5 2.Nf3 e6 3.d4 cxd4 4.Nxd4 Nc6 5.Nb5 d6 6.c4 a6 7.N5c3 Nf6 8.Na3 b6
9.Be3 Be7 10.Be2 O-O 11.O-O Nb8 12.f3 Nbd7 13.Qd2 Bb7 14.Rfd1 Qb8 15.Rac1 
Bd8 16.Bf4 Ne5 17.Bxe5 dxe5 18.c5 bxc5 19.Nc4 Bc6 20.Qd6 Bb5 21.Qxb8 Rxb8 
22.b3 Bxc4 23.Bxc4 a5 24.Kf2 Be7 25.Rd3 Rfd8 26.Rcd1 h5 27.Na4 Rd4 28.Nc3 
Rbd8 29.Ke2 h4 30.Nb5 Rxd3 31.Rxd3 Rxd3 32.Kxd3 Nh5 33.Kc3 h3 34.gxh3 Bd8 
35.Na7 Kf8 36.Nc6 Bb6 37.Bf1 Nf6 38.Kc4 Ne8 39.Kb5 Bc7 40.Nxa5 Ke7 41.Nb7 
1-0

[Event "Coupe MP"]
[Site "?"]
[Date "2012.04.01"]
[Round "4"]
[White "Roussel, Pascal"]
[Black "Mesplès, Jean-Marc"]
[Result "0-1"]
[WhiteElo "1670"]
[BlackElo "1921"]
[EventDate "2012.04.01"]
[PlyCount "68"]
[SourceDate "2012.04.01"]

1.e4 e5 2.Bc4 Nf6 3.d3 Nc6 4.Nf3 Bc5 5.O-O d6 6.Bg5 h6 7.Bd2 a6 8.a4 Be6 
9.Bxe6 fxe6 10.c3 Ba7 11.b4 O-O 12.Kh1 Ne7 13.Be1 Ng6 14.Qb3 d5 15.Nbd2 
Kh8 16.Rd1 c6 17.c4 Qe8 18.c5 Rd8 19.h3 Bb8 20.Qc2 Nf4 21.Ng1 Qg6 22.g3 
dxe4 23.Nxe4 Nxd3 24.Nd6 Bxd6 25.Qxd3 e4 26.Qc2 Bc7 27.Bc3 Nd5 28.Rd4 Be5 
29.Rc4 Bxc3 30.Rxc3 Nxc3 31.Qxc3 Rd3 32.Qe1 e3 33.Ne2 Qe4+ 34.Kh2 Rxf2+ 
0-1

[Event "Coupe MP"]
[Site "?"]
[Date "2012.04.01"]
[Round "4"]
[White "Devecchi, Jorge"]
[Black "Roques, Olivier"]
[Result "1-0"]
[WhiteElo "1947"]
[BlackElo "1898"]
[EventDate "2012.04.01"]
[PlyCount "102"]
[SourceDate "2012.04.01"]

1.e4 c5 2.Nf3 d6 3.d4 cxd4 4.c3 Nf6 5.Bd3 Nc6 6.cxd4 d5 7.e5 Ne4 8.O-O Bg4
9.Be3 h6 10.Nc3 Ng5 11.Bxg5 hxg5 12.e6 Bxe6 13.Nxg5 Qd6 14.g3 Nxd4 15.Qa4+
Nc6 16.Nb5 Qd7 17.Qf4 Rc8 18.Rfe1 Rh6 19.Rxe6 fxe6 20.Qf7+ Kd8 21.Qxf8+ 
Qe8 22.Nf7+ Kd7 23.Qxe8+ Rxe8 24.Nxh6 gxh6 25.Nc3 a6 26.Rc1 Nb4 27.Bb1 Kd6
28.a3 Nc6 29.Rd1 b6 30.f4 Na5 31.Ba2 Rf8 32.b4 Nb7 33.Ne2 Rc8 34.Rc1 Rxc1+
35.Nxc1 e5 36.Kf2 Nd8 37.Nd3 e4 38.Ne5 d4 39.Nf7+ Nxf7 40.Bxf7 a5 41.bxa5 
bxa5 42.g4 e5 43.g5 hxg5 44.fxg5 Ke7 45.Bd5 e3+ 46.Ke2 Kf8 47.h4 Kg7 48.h5
Kh7 49.Be4+ Kg7 50.h6+ Kh8 51.g6 Kg8 1-0

[Event "NATIONALE III"]
[Site "Castelsarrasin"]
[Date "2012.05.12"]
[Round "8.8"]
[White "BLESING, Alicia"]
[Black "MORAND, Esther"]
[Result "0-1"]
[WhiteElo "1692"]
[BlackElo "1523"]

1.e4 d6 2.d4 Nf6 3.Nc3 e5 4.dxe5 dxe5 5.Qxd8+ Kxd8 6.Bc4 Ke8 7.Nf3 Nbd7 8.
Ng5 Bc5 9.Bxf7+ Ke7 10.Bc4 Nb6 11.Bd3 Ng4 12.O-O h6 13.Nf3 Bd6 14.h3 Nf6 
15.Nh4 Kf7 16.Nb5 a6 17.Nxd6+ cxd6 18.Be3 Na4 19.b3 Nc3 20.f3 Be6 21.a4 
Nh5 22.Bd2 Rac8 23.Nf5 Bxf5 24.exf5 Ng3 25.Rfe1 Kf6 26.Re3 Nd5 27.Ree1 
Nxf5 28.c4 Nf4 29.Bxf5 Kxf5 30.Rad1 Rc6 31.Bxf4 Kxf4 32.Re4+ Kf5 33.b4 Rf8
34.Rd5 Ke6 35.Rd2 g5 36.Kf2 Rf4 37.Rde2 Rxc4 38.Rxf4 Rxf4 39.Rb2 d5 40.a5 
Rc4 41.b5 Kd6 42.g3 d4 43.Ke2 Rc3 44.bxa6 bxa6 45.Rb6+ Rc6 46.Rb7 Kd5 47.
Rd7+ Rd6 48.Rc7 Rc6 49.Rd7+ Kc4 50.Re7 Rc5 51.Re6 Rxa5 52.Rxh6 Ra2+ 53.Kd1
Kd3 54.Ke1 Ke3 55.Kd1 d3 56.Rc6 Ra1+ 57.Rc1 Rxc1+ 58.Kxc1 Ke2 59.h4 d2+ 
60.Kb2 d1=Q 61.h5 Qd3 62.h6 Kd2 63.g4 Qc3+ 64.Kb1 Qb3+ 65.Ka1 0-1

[Event "NATIONALE III"]
[Site "Castelsarrasin"]
[Date "2012.05.12"]
[Round "8.7"]
[White "VAINGUER, Guillaume"]
[Black "BLESING, René"]
[Result "1-0"]
[WhiteElo "1746"]
[BlackElo "1954"]

1.e4 c5 2.Nc3 Nc6 3.b3 Nf6 4.Bb2 g6 5.Nd5 Bg7 6.Nxf6+ exf6 7.Bc4 O-O 8.Ne2
Re8 9.d3 a6 10.O-O Rb8 11.a3 d6 12.Bd5 f5 13.Bxg7 Kxg7 14.Nc3 Qf6 15.Qd2 
Nd4 16.Ra2 f4 17.Ne2 Qg5 18.Nxd4 cxd4 19.f3 Be6 20.c4 Qe5 21.a4 g5 22.a5 
b5 23.axb6 Rxb6 24.Ra5 Qf6 25.Rb1 Reb8 26.Qa2 Bc8 27.Qa4 Rb4 28.Qa1 Rxb3 
29.Rxb3 Rxb3 30.c5 Rxd3 31.cxd6 Qxd6 32.Bc4 Rd2 33.Rxg5+ Kf8 34.Rd5 Qb6 
35.Qa3+ Kg7 36.Rg5+ Kf6 37.h4 Qb1+ 38.Kh2 Rxg2+ 39.Rxg2 Qe1 40.Qd6+ Be6 
41.e5+ Qxe5 42.Qd8+ 1-0

[Event "NATIONALE III"]
[Site "Castelsarrasin"]
[Date "2012.05.12"]
[Round "8.6"]
[White "DELAY, Guillaume"]
[Black "TABONE, Yves"]
[Result "1-0"]
[WhiteElo "2023"]
[BlackElo "1760"]

1.e4 e5 2.Bc4 Bc5 3.Nf3 Nc6 4.c3 Nf6 5.d3 a5 6.Nbd2 d6 7.Nf1 Qe7 8.Ng3 h6 
9.O-O Be6 10.Bb5 O-O 11.d4 exd4 12.cxd4 Nxd4 13.Nxd4 Bg4 14.Qd3 c6 15.Ba4 
b5 16.Nxc6 Qc7 17.Bxb5 Rfe8 18.Be3 h5 19.Bxc5 dxc5 20.e5 Nh7 21.Nf5 g6 22.
Nd6 Rf8 23.h4 Bd7 24.Ne7+ Kh8 25.Bxd7 Qxd7 26.Nxf7+ 1-0

[Event "NATIONALE III"]
[Site "Castelsarrasin"]
[Date "2012.05.12"]
[Round "8.5"]
[White "GREZELS, Florian"]
[Black "BARTELS, Sven"]
[Result "1-0"]
[WhiteElo "1853"]
[BlackElo "2061"]

1.e4 g6 2.d4 Nf6 3.Nc3 d5 4.exd5 Bg7 5.Nf3 Nxd5 6.Nxd5 Qxd5 7.Be2 Nc6 8.c3
O-O 9.O-O Bg4 10.Bf4 Rac8 11.Re1 Rfe8 12.Ne5 Bxe2 13.Rxe2 Nd8 14.c4 Qa5 
15.a3 Ne6 16.b4 Qa6 17.Bg3 Red8 18.d5 c6 19.Rd2 cxd5 20.cxd5 Ng5 21.Qg4 h6
22.Rad1 Qxa3 23.h4 Nh7 24.d6 exd6 25.Rxd6 Re8 26.Nxf7 Kxf7 27.Rxg6 Ng5 28.
Qf5+ Kg8 29.Rxg7+ Kxg7 30.Rd7+ Kh8 31.Qf6+ 1-0

[Event "NATIONALE III"]
[Site "Castelsarrasin"]
[Date "2012.05.12"]
[Round "8.4"]
[White "LE GOFF, François-Xavier"]
[Black "RIVIERE, Frédéric"]
[Result "1-0"]
[WhiteElo "2040"]
[BlackElo "1816"]

1.e4 e5 2.Nc3 Nf6 3.f4 d6 4.Nf3 Nc6 5.Bb5 Bg4 6.O-O Be7 7.h3 Bxf3 8.Qxf3 
O-O 9.Bxc6 bxc6 10.b3 d5 11.exd5 exf4 12.dxc6 Qd4+ 13.Kh1 Bd6 14.Rb1 Rfe8 
15.Nb5 Qc5 16.Nxd6 cxd6 17.d3 Rac8 18.Bxf4 Rxc6 19.c4 Rcc8 20.Rfe1 Qa5 21.
Qf2 d5 22.b4 Qa3 23.Rxe8+ Rxe8 24.Qd2 dxc4 25.dxc4 Qa6 26.b5 Qb6 27.Re1 
Ne4 28.Qe3 Qe6 29.Rc1 g5 30.Bxg5 Rc8 31.c5 Qf5 32.Bh4 Rxc5 33.Rxc5 Nxc5 
34.Qg5+ Qxg5 35.Bxg5 Ne4 36.Be3 Nc3 37.a4 Nxa4 38.Bxa7 f5 39.Bd4 Kf7 40.b6
Nxb6 41.Bxb6 Ke6 42.Kg1 Ke5 43.Kf2 Kf4 44.Be3+ Ke4 45.Bh6 1-0

[Event "NATIONALE III"]
[Site "Castelsarrasin"]
[Date "2012.05.12"]
[Round "8.3"]
[White "ROQUES, Olivier"]
[Black "DOUCET, Romain"]
[Result "1/2-1/2"]
[WhiteElo "1903"]
[BlackElo "2000"]

1.c4 Nf6 2.Nc3 g6 3.g3 Bg7 4.Bg2 O-O 5.Nf3 c6 6.O-O d5 7.d4 e6 8.Re1 Nbd7 
9.b3 dxc4 10.bxc4 Qa5 11.Bd2 Qc7 12.Bf4 Qa5 13.Bd2 Qc7 14.Bf4 Qa5 15.Bd2 
1/2-1/2

[Event "NATIONALE III"]
[Site "Castelsarrasin"]
[Date "2012.05.12"]
[Round "8.2"]
[White "GENESTOUS, Patrick"]
[Black "R. , Eric"]
[Result "0-1"]
[WhiteElo "2095"]
[BlackElo "2034"]

1.e4 Nf6 2.e5 Nd5 3.Nf3 d6 4.Bc4 e6 5.O-O Nb6 6.Bb3 d5 7.d4 c5 8.c3 Nc6 9.
Be3 c4 10.Bc2 Be7 11.Nbd2 a6 12.b3 Na5 13.Qb1 h6 14.Qb2 Qc7 15.Rfb1 Nd7 
16.bxc4 Nxc4 17.Nxc4 Qxc4 18.Nd2 Qc7 19.a4 O-O 20.a5 Rd8 21.c4 Nf8 22.c5 
f6 23.f4 f5 24.Bd3 Nd7 25.h3 Nb8 26.g4 g6 27.Ra2 Nc6 28.Qc3 Rf8 29.Kg2 Kh8
30.Nf3 Rg8 31.Qd2 Bd7 32.Kf2 Raf8 33.Rg1 Bd8 34.Rga1 Na7 35.Ke2 Nb5 36.Rh1
Bc6 37.Qe1 Rg7 38.Kd1 Rfg8 39.Kc1 Kh7 40.h4 Kh8 41.h5 Bd7 42.Ng5 Rf8 43.
hxg6 Rxg6 44.gxf5 exf5 45.Qg3 Bxg5 46.fxg5 Rfg8 47.Qf3 Nc3 48.Ra3 Ne4 49.
Bxe4 dxe4 50.Qf4 Qc6 51.Qh4 Be6 52.gxh6 Qd7 53.h7 R8g7 54.Bh6 Rg1+ 55.Rxg1
Rxg1+ 56.Kc2 Rg2+ 57.Bd2 Rg6 58.Bg5 Qf7 59.Rg3 f4 60.Bf6+ Qxf6 61.exf6 
fxg3 62.Qxe4 Bf7 63.Qg2 Rg5 64.Qxb7 g2 65.Qxf7 g1=Q 66.Qe8+ Kxh7 67.f7 
Rg2+ 68.Kb3 Qb1+ 69.Kc4 Qa2+ 70.Kd3 Qc2+ 71.Ke3 Qe2+ 72.Kf4 Rf2+ 73.Kg5 
Qd2+ 74.Kh5 Rf5+ 75.Kg4 Qf4+ 0-1

[Event "?"]
[Site "Castelsarrasin"]
[Date "2012.05.12"]
[Round "8.1"]
[White "LACROIX, Romain"]
[Black "OUERK, Yanis"]
[Result "1-0"]
[WhiteElo "2207"]
[BlackElo "2171"]

1.e4 c5 2.Nf3 Nc6 3.Bb5 Nf6 4.e5 Nd5 5.O-O Nc7 6.Be2 d6 7.exd6 Qxd6 8.Nc3 
e5 9.Re1 a6 10.a4 Be7 11.Ne4 Qg6 12.d3 O-O 13.a5 f5 14.Ng3 Rd8 15.c3 e4 
16.Nd2 exd3 17.Bf3 Be6 18.Qa4 Bd5 19.Bxd5+ Nxd5 20.Qc4 f4 21.Ngf1 Kh8 22.
Nf3 Rd7 23.Bxf4 Qg4 24.Re4 Nd8 25.Ne5 Qh4 26.Nxd7 {Partie illisible 
ensuite} 1-0

[Event "Nationale III"]
[Site "Ramonville"]
[Date "2012.05.13"]
[Round "9.6"]
[White "RIVIERE, Frédéric"]
[Black "TOURENNE, Dominique"]
[Result "1-0"]
[WhiteElo "1817"]
[BlackElo "1763"]

1.e4 c5 2.Bc4 Nc6 3.Nf3 e6 4.d4 cxd4 5.Nxd4 Qb6 6.c3 
    ( 6.Nb5 d5 
        ( 6...Bc5 7.O-O )
    )
6...Nf6 7.f3 
    ( 7.Bd3 Nxd4 8.cxd4 Qxd4 9.Nc3 Bb4 10.O-O Bxc3 11.bxc3 Qxc3 12.Bf4 b6 
    13.Rc1 Qb4 14.Bb1 d5 )
7...Bc5 8.Nxc6 dxc6 9.Qe2 e5 10.Nd2 Qc7 11.Nb3 Be7 12.Be3 $10 b6 13.Nd2 
O-O 14.O-O Bd7 15.b4 c5 16.b5 Ne8 17.Bd5 Rd8 18.a4 Nf6 19.Ba2 Ne8 20.Nc4 
Kh8 21.Rfd1 f5 $2 22.exf5 Bxf5 23.Bf2 
    ( 23.Rxd8 Bxd8 24.Bf2 e4 25.Bg3 Qe7 26.Re1 Bc7 27.fxe4 Be6 $14 )
23...Bf6 24.Ne3 
    ( 24.Rxd8 Qxd8 25.Nxe5 Bxe5 26.Qxe5 $18 {+1.61} )
24...Qc8 25.Nd5 Be6 26.Nxf6 Rxd1+ 27.Rxd1 gxf6 28.Bg3 Bxa2 29.Qxa2 c4 30.
Bf2 Ng7 31.a5 Rd8 32.Qe2 Rxd1+ 33.Qxd1 bxa5 34.Bxa7 Ne6 35.Qd6 a4 36.Be3 
Kg7 37.b6 Nd8 38.Qc7+ 1-0

[Event "11. Condom Open A"]
[Site "Condom FRA"]
[Date "2012.07.18"]
[Round "6.8"]
[White "Forestie, Pierre"]
[Black "Iwanesko, Alexandre"]
[Result "1/2-1/2"]
[WhiteElo "2140"]
[BlackElo "2213"]
[EventDate "2012.07.14"]
[WhiteFideId "642380"]
[BlackFideId "682136"]

1.e4 c5 2.Nc3 e6 3.d3 Nc6 4.g3 g6 5.Bg2 Bg7 6.f4 Nge7 7.Nf3 d6 8.Qe2 O-O 
9.O-O Rb8 10.a4 a6 11.Be3 Nd4 12.Qf2 Nxf3+ 13.Bxf3 Nc6 14.Bg2 b6 15.Rab1 
Bd7 16.g4 f5 17.h3 Nd4 18.exf5 gxf5 19.b3 b5 20.axb5 axb5 21.g5 Qa5 22.Nd1
b4 23.Bxd4 Bxd4 24.Ne3 Qc7 25.Kh1 Rb6 26.Rbe1 Ra6 27.h4 Ra2 28.Re2 Qa7 29.
Qg3 Rf7 30.h5 Ra1 31.Ree1 Rxe1 32.Rxe1 Qb8 33.Nc4 Bc3 1/2-1/2

[Event "11. Condom Open A"]
[Site "Condom FRA"]
[Date "2012.07.20"]
[Round "8.6"]
[White "Forestie, Pierre"]
[Black "Petre, Nad-Titus"]
[Result "0-1"]
[WhiteElo "2140"]
[BlackElo "2362"]
[EventDate "2012.07.14"]
[BlackTitle "IM"]
[WhiteFideId "642380"]
[BlackFideId "1204165"]

1.e4 d5 2.exd5 Qxd5 3.Nc3 Qa5 4.d4 Nf6 5.Nf3 Bf5 6.Bc4 e6 7.O-O c6 8.Re1 
Bb4 9.Bd2 O-O 10.a3 Bxc3 11.Bxc3 Qc7 12.Ne5 Nbd7 13.Qe2 Nd5 14.Qf3 Nxe5 
15.Rxe5 Bxc2 16.Rg5 Qf4 17.Qxf4 Nxf4 18.Re1 Bg6 19.f3 Rfd8 20.Rge5 Bd3 21.
Ba2 Ba6 22.R5e4 Nh5 23.g3 Nf6 24.Re5 Nd7 25.Rg5 h6 26.Rg4 Nf6 27.Rf4 Bd3 
28.Rh4 Nh7 29.Kf2 Nf8 30.Re3 Bh7 31.Rh5 Nd7 32.a4 Bg6 33.Rh4 Nf6 34.g4 Nd5
35.Re5 Nf4 36.Kg3 Nd5 37.f4 Rd6 38.f5 exf5 39.gxf5 Bh7 40.Bxd5 Rxd5 41.f6 
Bg6 42.Rf4 gxf6 43.Rxf6 Rad8 44.a5 Kg7 45.Rf3 R8d7 46.h4 Kh7 47.Rf6 Kg7 
48.Rf3 Bc2 49.Rf2 Bd3 50.Rf3 Bc4 51.Ref5 Rxf5 52.Rxf5 Kh7 53.Kf4 Be6 54.
Re5 Rd8 55.Re4 Kg6 56.Re5 Kh7 57.Re4 Rg8 58.Ke5 Bd5 59.Rf4 Rg6 60.Rf6 Rg4 
61.Rf4 Rg6 62.Rf6 Rg4 63.Rf4 Rg1 64.Kd6 b6 65.Kc7 bxa5 66.Bxa5 Rb1 67.Bc3 
Kg6 68.Kb7 Ra1 69.Kc7 f5 70.Kd6 Rh1 71.Ke5 Rh2 72.Kd6 Be4 73.Rf1 Kh5 74.
Ke5 Bd3 75.Rd1 Re2+ 76.Kf4 Be4 77.Ra1 Kxh4 78.Rxa7 Rf2+ 79.Ke3 Rf3+ 80.Ke2
Rh3 0-1